[Event "27. ekipno prvenstvo RH - I.B"]
[Site "Biograd, Hotel Adria"]
[Date "2018.09.15"]
[Round "1.11"]
[White "Livaic, Leon"]
[Black "Sedlak, Nikola"]
[Result "0-1"]
[WhiteElo "2483"]
[BlackElo "2587"]
[PlyCount "86"]
[EventDate "2018.09.15"]
[WhiteTeam "HAŠK MLADOST Zagreb"]
[BlackTeam "ŠK STRIDON Štrigova"]

1. d4 e6 2. c4 Bb4+ 3. Nd2 b6 4. a3 Bxd2+ 5. Qxd2 Bb7 6. Nf3 Nf6 7. e3 O-O 8.
Be2 d6 9. O-O Nbd7 10. b4 Qe7 11. Bb2 a5 12. Qc2 Be4 13. Qc3 Rfc8 14. Nd2 Bb7
15. f3 c5 16. dxc5 dxc5 17. bxa5 Rxa5 18. Rfd1 Bc6 19. Nb3 Raa8 20. Rd2 Ne8 21.
Rad1 Rd8 22. Bd3 f6 23. Qc2 Nf8 24. Be4 Rxd2 25. Rxd2 Bxe4 26. Qxe4 Rd8 27. Qc2
Rd6 28. Qd1 Qd7 29. Qc2 Qa4 30. Qc3 Ng6 31. f4 Nh4 32. e4 Rxd2 33. Nxd2 Qd1+
34. Kf2 Nd6 35. g3 Qxd2+ 36. Qxd2 Nxe4+ 37. Ke3 Nxd2 38. Kxd2 Nf3+ 39. Kc3 Nxh2
40. Kb3 Nf3 41. Ka4 Nd4 42. Bxd4 cxd4 43. c5 bxc5 0-1

[Event "27. ekipno prvenstvo RH - I.B"]
[Site "Biograd, Hotel Adria"]
[Date "2018.09.15"]
[Round "1.12"]
[White "Nemeth, Miklos"]
[Black "Plat, Vojtech"]
[Result "1-0"]
[WhiteElo "2477"]
[BlackElo "2540"]
[PlyCount "91"]
[EventDate "2018.09.15"]
[WhiteTeam "ŠK STRIDON Štrigova"]
[BlackTeam "HAŠK MLADOST Zagreb"]

1. e4 e5 2. Nf3 Nc6 3. Bc4 Bc5 4. O-O d6 5. c3 Nf6 6. d3 O-O 7. Nbd2 d5 8. exd5
Nxd5 9. Re1 Bg4 10. h3 Bh5 11. Ne4 Be7 12. Ng3 Bg6 13. Nxe5 Nxe5 14. Rxe5 Nb6
15. Bb3 Bf6 16. Re3 c5 17. Bc2 Qd7 18. Nh5 Bg5 19. Re1 Bxc1 20. Rxc1 Qb5 21. b3
Qa5 22. Bb1 Nd5 23. Ng3 Rad8 24. Qd2 b5 25. f4 Qc7 26. Rf1 Rfe8 27. Rf3 f6 28.
Qf2 Nb6 29. Re1 Rxe1+ 30. Qxe1 Re8 31. Qd2 Qd6 32. Bc2 a5 33. Qf2 Qc6 34. c4
bxc4 35. dxc4 a4 36. Bxg6 hxg6 37. Rd3 axb3 38. axb3 f5 39. Qd2 Re6 40. Nf1 Qc7
41. Nh2 Re4 42. Nf3 Rxf4 43. Ng5 Rd4 44. Rxd4 cxd4 45. Qxd4 Qe7 46. h4 1-0

[Event "27. ekipno prvenstvo RH - I.B"]
[Site "Biograd, Hotel Adria"]
[Date "2018.09.15"]
[Round "1.13"]
[White "Zilka, Stepan"]
[Black "Krstic, Uros"]
[Result "1-0"]
[WhiteElo "2521"]
[BlackElo "2364"]
[PlyCount "129"]
[EventDate "2018.09.15"]
[WhiteTeam "HAŠK MLADOST Zagreb"]
[BlackTeam "ŠK STRIDON Štrigova"]

1. e4 e5 2. Nf3 Nc6 3. Bc4 Nf6 4. d3 Be7 5. O-O O-O 6. Re1 d6 7. a4 Be6 8. Nbd2
Qd7 9. Bxe6 fxe6 10. Nc4 Rae8 11. c3 Kh8 12. b4 Bd8 13. Be3 a6 14. h3 Ne7 15.
Ncd2 Ng6 16. g3 h6 17. a5 Be7 18. Qa4 c6 19. Qd1 d5 20. Kg2 d4 21. cxd4 exd4
22. Nxd4 Bxb4 23. Nc2 Bxd2 24. Qxd2 Ne5 25. Red1 Rd8 26. Qe2 Qe8 27. Bb6 Rd7
28. Bc5 Rg8 29. f4 Nf7 30. Ne3 Kh7 31. Rf1 Qd8 32. Bb6 Qe7 33. Nc4 c5 34. Ne5
Nxe5 35. fxe5 Ne8 36. Rac1 Nc7 37. Bxc5 Qg5 38. d4 Nb5 39. Rc4 Rgd8 40. h4 Qg6
41. Qe3 Rf7 42. Rcc1 Rxf1 43. Rxf1 Kg8 44. Kh3 h5 45. Rf4 Kh7 46. Kh2 Rd7 47.
Qf2 Rd8 48. Qb2 Kg8 49. Qb4 Kh7 50. Qc4 Qe8 51. Rf8 Qd7 52. Rxd8 Qxd8 53. Qxe6
Qxa5 54. Qf5+ Kg8 55. Qxh5 Qd2+ 56. Kh3 Nxd4 57. Qe8+ Kh7 58. Qd7 Nb3 59. Qf5+
Kh8 60. e6 Qd1 61. e7 Qh1+ 62. Kg4 Qd1+ 63. Kg5 Qc1+ 64. Kg6 Qh6+ 65. Kf7 1-0

[Event "27. ekipno prvenstvo RH - I.B"]
[Site "Biograd, Hotel Adria"]
[Date "2018.09.15"]
[Round "1.14"]
[White "Vernacki, Srdjan"]
[Black "Rogulj, Branko"]
[Result "1/2-1/2"]
[WhiteElo "2357"]
[BlackElo "2404"]
[PlyCount "158"]
[EventDate "2018.09.15"]
[WhiteTeam "ŠK STRIDON Štrigova"]
[BlackTeam "HAŠK MLADOST Zagreb"]

1. Nf3 Nf6 2. g3 c5 3. Bg2 Nc6 4. O-O g6 5. d3 Bg7 6. e4 O-O 7. Nc3 d6 8. h3
Rb8 9. a4 a6 10. Be3 b5 11. axb5 axb5 12. Qd2 b4 13. Nd1 e5 14. Bh6 Nd4 15.
Bxg7 Kxg7 16. Nxd4 cxd4 17. b3 Bb7 18. Nb2 d5 19. exd5 Bxd5 20. Nc4 Bxc4 21.
bxc4 Nd7 22. Rfb1 Qe7 23. Ra4 b3 24. Rxb3 Rxb3 25. cxb3 Nc5 26. Rb4 Qa7 27. Rb5
Qa1+ 28. Bf1 Qc3 29. Qe2 Nxb3 30. Qxe5+ Kg8 31. h4 h5 32. Rb8 Rxb8 33. Qxb8+
Kg7 34. Qe5+ Kg8 35. Qe8+ Kg7 36. Qe2 Qa5 37. Bg2 Qf5 38. Qe4 Qf6 39. Qd5 Qe7
40. Qe4 Qd6 41. Qe8 Nc5 42. Qe2 Qf6 43. f4 Kf8 44. Be4 Qb6 45. f5 Qd6 46. Kg2
Kg7 47. Qf3 Nd7 48. Qf4 Ne5 49. Bd5 gxf5 50. Qxd4 f6 51. Qa7+ Kh6 52. d4 Ng6
53. Qc5 Qa6 54. Bf3 Qa2+ 55. Kf1 Qb1+ 56. Kf2 Qc2+ 57. Be2 Qd2 58. Qd6 Kg7 59.
Qd7+ Kh6 60. Qxf5 Qxd4+ 61. Kg2 Qd2 62. Qxh5+ Kg7 63. Qg4 f5 64. Qf3 Ne5 65.
Qf2 Qc2 66. c5 Qe4+ 67. Bf3 Qc4 68. Be2 Qe4+ 69. Kg1 Kf6 70. h5 Kg7 71. Kh2 Qc2
72. Kg2 Qe4+ 73. Bf3 Qc4 74. Qe3 Qc2+ 75. Qf2 Qc3 76. c6 Nxc6 77. Bxc6 Qxc6+
78. Qf3 Qc2+ 79. Kh3 Kh6 1/2-1/2

[Event "27. ekipno prvenstvo RH - I.B"]
[Site "Biograd, Hotel Adria"]
[Date "2018.09.15"]
[Round "1.16"]
[White "Horvat, David"]
[Black "Blazeka, Matej"]
[Result "0-1"]
[WhiteElo "2212"]
[BlackElo "2354"]
[PlyCount "96"]
[EventDate "2018.09.15"]
[WhiteTeam "ŠK STRIDON Štrigova"]
[BlackTeam "HAŠK MLADOST Zagreb"]

1. e4 e5 2. Nf3 Nf6 3. Nxe5 d6 4. Nf3 Nxe4 5. Nc3 Nxc3 6. dxc3 Be7 7. Be3 O-O
8. Qd2 Nd7 9. O-O-O b6 10. h4 Bb7 11. h5 Nc5 12. Nd4 Ne4 13. Qe1 Bg5 14. f4 Bf6
15. Bb5 Qc8 16. h6 g6 17. g4 c5 18. Ne2 Qxg4 19. Kb1 a6 20. Bd3 Rfe8 21. Bc1 d5
22. Qf1 c4 23. Rg1 cxd3 24. Rxg4 dxe2 25. Qg1 exd1=Q 26. Qxd1 Nf2 27. Qg1 Nxg4
28. Qxg4 Bc8 29. Qg1 b5 30. a3 Bf5 31. Be3 Re4 32. Bd4 Rae8 33. Ka2 Bxd4 34.
cxd4 f6 35. Qg2 Rxd4 36. Qf2 Rde4 37. Qa7 R4e7 38. Qxa6 Bxc2 39. Qxb5 Bf5 40.
Qb6 Be6 41. Qd4 Kf7 42. a4 Rb7 43. b4 Rc8 44. f5 gxf5 45. b5 Rc4 46. Qg1 Rxa4+
47. Kb3 Rg4 48. Qc5 Rc4 0-1

[Event "27. ekipno prvenstvo RH - I.B"]
[Site "Biograd, Hotel Adria"]
[Date "2018.09.15"]
[Round "1.21"]
[White "Sprenger, Jan Michael"]
[Black "Ruck, Robert"]
[Result "0-1"]
[WhiteElo "2490"]
[BlackElo "2502"]
[PlyCount "92"]
[EventDate "2018.09.15"]
[WhiteTeam "ŠK BRDA Split"]
[BlackTeam "ŠK ĐURO ĐAKOVIĆ Slavonski Brod"]

1. e4 Nf6 2. e5 Nd5 3. d4 d6 4. Nf3 dxe5 5. Nxe5 c6 6. Bc4 Nd7 7. O-O Nxe5 8.
dxe5 Bf5 9. Nd2 e6 10. Nb3 Nb4 11. Bd2 Bxc2 12. Qe1 Nd5 13. Rc1 Bg6 14. f4 Nb6
15. Ba5 Be7 16. g4 Bd3 17. Rd1 Bxc4 18. Rxd8+ Rxd8 19. Rf3 h5 20. g5 O-O 21.
Rc3 Bxb3 22. Rxb3 Rd4 23. Rf3 Rfd8 24. Kg2 g6 25. Bc3 Rd1 26. Qe4 Nd5 27. Be1
Bc5 28. Bf2 Bxf2 29. Rxf2 Ne7 30. Qa4 a6 31. Qb4 R8d7 32. Rf1 R1d4 33. Qe1 Nf5
34. Rf2 Rd1 35. Qb4 R7d3 36. h3 Nh4+ 37. Kh2 Nf3+ 38. Rxf3 Rxf3 39. Qxb7 Rd2+
40. Kg1 Rg3+ 41. Kf1 Rxh3 42. Qxc6 Rxb2 43. f5 Rh1+ 44. Qxh1 Rb1+ 45. Kg2 Rxh1
46. Kxh1 exf5 0-1

[Event "27. ekipno prvenstvo RH - I.B"]
[Site "Biograd, Hotel Adria"]
[Date "2018.09.15"]
[Round "1.22"]
[White "Horvath, Adam"]
[Black "Seyb, Alexander"]
[Result "1/2-1/2"]
[WhiteElo "2481"]
[BlackElo "2388"]
[PlyCount "76"]
[EventDate "2018.09.15"]
[WhiteTeam "ŠK ĐURO ĐAKOVIĆ Slavonski Brod"]
[BlackTeam "ŠK BRDA Split"]

1. e4 c5 2. Nf3 d6 3. d4 cxd4 4. Nxd4 Nf6 5. Nc3 a6 6. Be2 e5 7. Nb3 Be7 8. Be3
Be6 9. Qd3 O-O 10. Nd5 Nbd7 11. O-O Bxd5 12. exd5 Ne8 13. a4 Bg5 14. a5 Bxe3
15. Qxe3 Nef6 16. c4 Qc7 17. Nd2 Rfb8 18. b4 b6 19. axb6 Rxb6 20. Ra4 Rab8 21.
Qa3 Qb7 22. Rb1 Nc5 23. bxc5 Rxb1+ 24. Nxb1 Qxb1+ 25. Bf1 Ne4 26. Rxa6 Qc2 27.
Qe3 g6 28. f3 Nd2 29. Qd3 Qc1 30. cxd6 Rb1 31. h3 Nxf1 32. Ra8+ Kg7 33. Qxb1
Qxb1 34. d7 Qe1 35. d8=Q Ne3+ 36. Kh2 Nf1+ 37. Kg1 Ne3+ 38. Kh2 Nf1+ 1/2-1/2

[Event "27. ekipno prvenstvo RH - I.B"]
[Site "Biograd, Hotel Adria"]
[Date "2018.09.15"]
[Round "1.25"]
[White "Krnic, Ivan"]
[Black "Rubil, Marko"]
[Result "0-1"]
[WhiteElo "2116"]
[BlackElo "2213"]
[PlyCount "182"]
[EventDate "2018.09.15"]
[WhiteTeam "ŠK BRDA Split"]
[BlackTeam "ŠK ĐURO ĐAKOVIĆ Slavonski Brod"]

1. e4 e5 2. f4 Bc5 3. Nf3 d6 4. c3 Bb6 5. d4 exd4 6. cxd4 Bg4 7. Be2 Nc6 8. Be3
Nf6 9. Nc3 O-O 10. h3 Bd7 11. Bd3 Re8 12. O-O Bf5 13. e5 Bxd3 14. Qxd3 dxe5 15.
fxe5 Nxe5 16. Nxe5 Rxe5 17. Rad1 Re6 18. Bg5 h6 19. Bxf6 Rxf6 20. Rxf6 Qxf6 21.
Nd5 Qe6 22. Qc4 Rd8 23. Nxb6 Qxb6 24. b3 c6 25. Kf2 Qa5 26. b4 Qf5+ 27. Kg1 Qe4
28. Qd3 Qd5 29. a3 Re8 30. Qg3 Re6 31. Rd2 Qe4 32. Kh2 g6 33. Qd3 Qd5 34. Qg3
Kg7 35. Qc7 Qd6+ 36. Qxd6 Rxd6 37. Kg3 f5 38. Kf4 Kf6 39. Ke3 g5 40. Kd3 f4 41.
a4 Re6 42. Kc4 Re3 43. b5 Ke6 44. a5 Kd6 45. bxc6 bxc6 46. Rb2 Ra3 47. Kb4 Ra1
48. Rc2 Rb1+ 49. Kc4 Rb5 50. Ra2 a6 51. Kc3 Rf5 52. Kb4 h5 53. Kc4 f3 54. gxf3
Rxf3 55. Rg2 Rf5 56. Ra2 Rf4 57. Rb2 Rf5 58. Ra2 Ke6 59. Re2+ Kd7 60. Ra2 Kd6
61. Ra1 g4 62. hxg4 hxg4 63. Rg1 Rg5 64. Rg3 Ke6 65. Kd3 Kf5 66. Ke3 Rg6 67.
Kf2 Rd6 68. Rb3 Rxd4 69. Rb6 Rc4 70. Rxa6 Kf4 71. Ra8 Rc2+ 72. Ke1 Ke3 73. Kd1
Rd2+ 74. Kc1 Ra2 75. Kb1 Ra4 76. a6 g3 77. a7 g2 78. Rg8 Kf3 79. Rf8+ Rf4 80.
Rxf4+ Kxf4 81. a8=Q g1=Q+ 82. Kc2 Qc5+ 83. Kb1 Ke4 84. Qe8+ Kd3 85. Qg6+ Kc3
86. Qc2+ Kb4 87. Qb2+ Ka4 88. Qf6 Qc4 89. Qa1+ Kb4 90. Qa7 Qb3+ 91. Kc1 Qa3+
0-1

[Event "27. ekipno prvenstvo RH - I.B"]
[Site "Biograd, Hotel Adria"]
[Date "2018.09.15"]
[Round "1.31"]
[White "Pap, Misa"]
[Black "Srbis, Jurica"]
[Result "1-0"]
[WhiteElo "2482"]
[BlackElo "2428"]
[PlyCount "91"]
[EventDate "2018.09.15"]
[WhiteTeam "ŠK ŠIBENIK Šibenik"]
[BlackTeam "ŠŠK PODRAVKA Koprivnica"]

1. e4 e5 2. Nf3 Nc6 3. Bb5 a6 4. Ba4 d6 5. O-O Bd7 6. d4 b5 7. Bb3 Nxd4 8. Nxd4
exd4 9. c3 d3 10. Qh5 Qe7 11. Bg5 Nf6 12. Qh4 Qe5 13. Nd2 Be7 14. Rae1 Ng4 15.
Nf3 Bxg5 16. Nxg5 Nh6 17. f4 Qc5+ 18. Kh1 O-O-O 19. Bxf7 d2 20. Rd1 Kb8 21. Ne6
Bxe6 22. Bxe6 Rde8 23. Qh3 Rhf8 24. b4 Qb6 25. Rxd2 Rf6 26. Bd5 Re7 27. Qd3 Ng4
28. Rf3 Rf8 29. Re2 Rfe8 30. h3 Nf6 31. Rfe3 c6 32. Bb3 d5 33. e5 Ne4 34. Qd4
Qc7 35. Bc2 g5 36. g3 gxf4 37. gxf4 Rf8 38. Rf3 Ng5 39. Rf1 Nxh3 40. Kg2 c5 41.
bxc5 Rg7+ 42. Kh2 Qd8 43. Re3 Rxf4 44. Rxf4 Qg5 45. Rg4 Qh6 46. Rxh3 1-0

[Event "27. ekipno prvenstvo RH - I.B"]
[Site "Biograd, Hotel Adria"]
[Date "2018.09.15"]
[Round "1.32"]
[White "Ostovic, Matija"]
[Black "Nikcevic, Nebojsa"]
[Result "0-1"]
[WhiteElo "2390"]
[BlackElo "2428"]
[PlyCount "62"]
[EventDate "2018.09.15"]
[WhiteTeam "ŠŠK PODRAVKA Koprivnica"]
[BlackTeam "ŠK ŠIBENIK Šibenik"]

1. Nf3 d5 2. c4 d4 3. b4 f6 4. e3 e5 5. c5 a5 6. Qa4+ Bd7 7. b5 dxe3 8. dxe3
Bxc5 9. Bc4 Bb4+ 10. Bd2 Qe7 11. O-O Nh6 12. Nc3 c6 13. Rfd1 Nf7 14. Ne4 cxb5
15. Bxf7+ Kxf7 16. Qb3+ Be6 17. Qb2 Rd8 18. Bxb4 Rxd1+ 19. Rxd1 axb4 20. Nd6+
Kf8 21. Qxb4 Na6 22. Qxb5 Rd8 23. Qb6 Nc7 24. Rd2 Nd5 25. Rxd5 Bxd5 26. Nf5 Rc8
27. h3 Qc5 28. Qb1 Qc1+ 29. Qxc1 Rxc1+ 30. Kh2 Bxf3 31. gxf3 Rc2 0-1

[Event "27. ekipno prvenstvo RH - I.B"]
[Site "Biograd, Hotel Adria"]
[Date "2018.09.15"]
[Round "1.33"]
[White "Matkovic, Tonci"]
[Black "Ivekovic, Zvonimir"]
[Result "1-0"]
[WhiteElo "2274"]
[BlackElo "2424"]
[PlyCount "79"]
[EventDate "2018.09.15"]
[WhiteTeam "ŠK ŠIBENIK Šibenik"]
[BlackTeam "ŠŠK PODRAVKA Koprivnica"]

1. e4 c5 2. c4 e6 3. Nc3 a6 4. g3 Nc6 5. d3 g6 6. Bg2 Bg7 7. Nge2 Nge7 8. O-O
O-O 9. Rb1 Nd4 10. a3 Nxe2+ 11. Nxe2 d5 12. b4 dxc4 13. dxc4 Qc7 14. Qc2 cxb4
15. axb4 Bd7 16. Be3 Rac8 17. Rfc1 Nc6 18. f4 Bh6 19. Qb3 Ne7 20. Bc5 Rfe8 21.
e5 Bc6 22. Bd6 Qd7 23. Nd4 Bxg2 24. Kxg2 Nc6 25. Nf3 Bf8 26. Rd1 Bxd6 27. Rxd6
Qc7 28. Rbd1 Ne7 29. c5 Nf5 30. g4 Nxd6 31. exd6 Qd7 32. Ne5 Qb5 33. d7 Qe2+
34. Kg3 g5 35. dxe8=Q+ Rxe8 36. Qf3 gxf4+ 37. Qxf4 f6 38. Qxf6 Qe3+ 39. Nf3 Rf8
40. Qg5+ 1-0

[Event "27. ekipno prvenstvo RH - I.B"]
[Site "Biograd, Hotel Adria"]
[Date "2018.09.15"]
[Round "1.35"]
[White "Malenica, Mario"]
[Black "Vrban, Mladen"]
[Result "1/2-1/2"]
[WhiteElo "2212"]
[BlackElo "2280"]
[PlyCount "57"]
[EventDate "2018.09.15"]
[WhiteTeam "ŠK ŠIBENIK Šibenik"]
[BlackTeam "ŠŠK PODRAVKA Koprivnica"]

1. c4 f5 2. Nc3 Nf6 3. Nf3 d6 4. d3 e5 5. g3 g6 6. Bg2 Bg7 7. O-O O-O 8. Bg5 h6
9. Bxf6 Qxf6 10. Rb1 c6 11. Nd2 Be6 12. Na4 Nd7 13. b4 Rab8 14. b5 c5 15. Nc3
Nb6 16. Nd5 Qf7 17. Qb3 Kh7 18. a4 Nc8 19. a5 Ne7 20. Qa2 Ng8 21. e3 g5 22. b6
a6 23. Nc7 Nf6 24. Rbe1 Bd7 25. Nd5 Be6 26. Nc7 Bd7 27. Nd5 Be6 28. Nc7 Bd7 29.
Nd5 1/2-1/2

[Event "27. ekipno prvenstvo RH - I.B"]
[Site "Biograd, Hotel Adria"]
[Date "2018.09.15"]
[Round "1.42"]
[White "Antunac, Goran"]
[Black "Kadric, Denis"]
[Result "0-1"]
[WhiteElo "2359"]
[BlackElo "2543"]
[PlyCount "128"]
[EventDate "2018.09.15"]
[WhiteTeam "AŠK JUNIOR Rijeka"]
[BlackTeam "ŠK VINKOVCI Vinkovci"]

1. d4 d6 2. Nf3 g6 3. c4 Bg7 4. Nc3 Nd7 5. Bg5 f6 6. Bh4 Nh6 7. e4 O-O 8. Be2
e5 9. d5 Nf7 10. Nd2 c5 11. O-O h5 12. f3 Bh6 13. Bf2 f5 14. a3 Qg5 15. Nb3 f4
16. Nc1 Qe7 17. b4 b6 18. Nd3 g5 19. Qa4 Nf6 20. bxc5 dxc5 21. Rfd1 Bd7 22. Qc2
g4 23. Kh1 Nd6 24. Nb5 Bxb5 25. cxb5 Qg7 26. Nb2 Kh8 27. Nc4 Nfe8 28. h3 Nxc4
29. Qxc4 Nd6 30. Qc2 gxh3 31. gxh3 Nf7 32. Bf1 Rg8 33. h4 Nd6 34. a4 Qf6 35.
Bh3 Rg3 36. Bxg3 fxg3 37. Kg2 Qxh4 38. Rh1 Qf4 39. Be6 Rf8 40. Raf1 h4 41. Qd3
Bg5 42. Bg4 Kg7 43. Rb1 Rf7 44. Rb2 c4 45. Qc3 Rc7 46. Re1 Rc5 47. Rc2 Kh6 48.
Ree2 Be7 49. Qe3 Kg5 50. Qxf4+ Kxf4 51. Rc3 Nb7 52. Rec2 Na5 53. Bh3 Rc7 54.
Rc1 Bb4 55. R3c2 Bd6 56. Rh1 Nb3 57. Be6 Kg5 58. Rc3 Nd4 59. Re1 Bb4 60. d6
Bxd6 61. Rxc4 Nxe6 62. Rxc7 Nf4+ 63. Kh1 Bxc7 64. Rd1 h3 0-1

[Event "27. ekipno prvenstvo RH - I.B"]
[Site "Biograd, Hotel Adria"]
[Date "2018.09.15"]
[Round "1.43"]
[White "Maier, Christian"]
[Black "Mufic, Goran"]
[Result "0-1"]
[WhiteElo "2357"]
[BlackElo "2254"]
[PlyCount "58"]
[EventDate "2018.09.15"]
[WhiteTeam "ŠK VINKOVCI Vinkovci"]
[BlackTeam "AŠK JUNIOR Rijeka"]

1. e4 c5 2. Nf3 g6 3. d3 Bg7 4. g3 Nc6 5. Bg2 e6 6. O-O Nge7 7. Re1 O-O 8. c3
d5 9. Nbd2 b6 10. exd5 Nxd5 11. Nc4 Bb7 12. Qb3 Qc7 13. a4 a6 14. Ng5 h6 15.
Ne4 Rab8 16. Qa3 Rfd8 17. Ne3 Nxe3 18. Rxe3 Ne5 19. a5 Nxd3 20. axb6 Qxb6 21.
Rxd3 Rxd3 22. Be3 Bxe4 23. Bxe4 Rxe3 24. fxe3 c4 25. Re1 Qxb2 26. Qxb2 Rxb2 27.
Ra1 Bxc3 28. Rxa6 Bd2 29. Kf2 Bc1+ 0-1

[Event "27. ekipno prvenstvo RH - I.B"]
[Site "Biograd, Hotel Adria"]
[Date "2018.09.15"]
[Round "1.45"]
[White "Pucovski, Miroslav"]
[Black "Tomulic, Teo"]
[Result "1-0"]
[WhiteElo "2241"]
[BlackElo "2264"]
[PlyCount "103"]
[EventDate "2018.09.15"]
[WhiteTeam "ŠK VINKOVCI Vinkovci"]
[BlackTeam "AŠK JUNIOR Rijeka"]

1. e4 c5 2. c3 d5 3. exd5 Qxd5 4. d4 Nc6 5. Nf3 Bg4 6. Be2 e6 7. c4 Qd6 8. d5
exd5 9. cxd5 Bxf3 10. Bxf3 Nd4 11. Be3 Qe5 12. O-O Bd6 13. g3 Nxf3+ 14. Qxf3
Ne7 15. Nc3 O-O 16. Rfe1 Qf5 17. Qg2 b6 18. Ne4 Be5 19. f4 Bd4 20. Bxd4 cxd4
21. Ng5 Ng6 22. Qe4 Qd7 23. Qxd4 Rad8 24. Rad1 Rfe8 25. Rxe8+ Rxe8 26. d6 Nf8
27. Qd5 Re2 28. Nf3 h6 29. Rd2 Re8 30. Ne5 Qf5 31. d7 Rd8 32. Nc6 Qxd5 33. Rxd5
Rxd7 34. Rxd7 Nxd7 35. Nxa7 f5 36. Kf2 Kf7 37. Ke3 Ke6 38. Kd4 g5 39. Nc6 gxf4
40. gxf4 h5 41. b4 b5 42. Na7 Nf6 43. Nxb5 Nd5 44. Kc5 Nxf4 45. Nd4+ Ke5 46.
Nf3+ Ke6 47. b5 Nd3+ 48. Kc4 Nb2+ 49. Kc3 Na4+ 50. Kb4 Nb6 51. Kc5 Nc8 52. b6
1-0

[Event "27. ekipno prvenstvo RH - I.B"]
[Site "Biograd, Hotel Adria"]
[Date "2018.09.15"]
[Round "1.46"]
[White "Safar, Sandro"]
[Black "Bubalovic, Davorin"]
[Result "0-1"]
[WhiteElo "2214"]
[BlackElo "2206"]
[PlyCount "92"]
[EventDate "2018.09.15"]
[WhiteTeam "AŠK JUNIOR Rijeka"]
[BlackTeam "ŠK VINKOVCI Vinkovci"]

1. d4 Nf6 2. Nf3 e6 3. Bf4 d5 4. e3 c5 5. c3 Nc6 6. Nbd2 Be7 7. Bd3 Qb6 8. Qc2
Bd7 9. h3 Rc8 10. a3 a5 11. O-O Nh5 12. Bh2 g6 13. Rad1 f5 14. Ne5 Nf6 15. Nxc6
Bxc6 16. Be5 O-O 17. f4 Nd7 18. Nf3 Bb5 19. g4 Bxd3 20. Qxd3 cxd4 21. cxd4 Qxb2
22. Rb1 Qxa3 23. Rb3 Qa2 24. gxf5 Nxe5 25. dxe5 gxf5 26. Rxb7 Rf7 27. Qa6 Rc2
28. Qxe6 Rg2+ 29. Kh1 Qe2 30. Rg1 Rxg1+ 31. Nxg1 Qxe3 32. Rb2 Qc5 33. Rg2+ Kf8
34. Qh6+ Ke8 35. Rg8+ Rf8 36. Qh5+ Kd8 37. Rxf8+ Bxf8 38. Qxf5 a4 39. Qg5+ Kc7
40. e6 a3 41. Qe5+ Bd6 42. Qg7+ Kb6 43. Ne2 Qe3 44. Qg2 a2 45. Qf1 Qe4+ 46. Kg1
Qb1 0-1

[Event "27. ekipno prvenstvo RH - I.B"]
[Site "Biograd, Hotel Adria"]
[Date "2018.09.15"]
[Round "1.51"]
[White "Saric, Ante"]
[Black "Medvegy, Zoltan"]
[Result "1/2-1/2"]
[WhiteElo "2535"]
[BlackElo "2543"]
[PlyCount "35"]
[EventDate "2018.09.15"]
[WhiteTeam "ŠK MORNAR Split"]
[BlackTeam "ŠK GORAN Bibinje"]

1. Nf3 d5 2. e3 c5 3. b3 Nc6 4. Bb2 Nf6 5. Bb5 Bd7 6. O-O e6 7. c4 a6 8. Bxc6
Bxc6 9. Ne5 Rc8 10. Nxc6 Rxc6 11. Bxf6 gxf6 12. cxd5 Qxd5 13. Nc3 Qd8 14. Qe2
Bg7 15. Rac1 f5 16. Rc2 O-O 17. Rfc1 Qd6 18. g3 1/2-1/2

[Event "27. ekipno prvenstvo RH - I.B"]
[Site "Biograd, Hotel Adria"]
[Date "2018.09.15"]
[Round "1.52"]
[White "Bilobrk, Franjo"]
[Black "Galyas, Miklos"]
[Result "0-1"]
[WhiteElo "2360"]
[BlackElo "2512"]
[PlyCount "96"]
[EventDate "2018.09.15"]
[WhiteTeam "ŠK GORAN Bibinje"]
[BlackTeam "ŠK MORNAR Split"]

1. d4 f5 2. g3 Nf6 3. Bg2 g6 4. c4 Bg7 5. Nc3 O-O 6. Nf3 d6 7. O-O c6 8. d5 e5
9. dxe6 Bxe6 10. b3 Na6 11. Bb2 Qe7 12. Nd4 Bf7 13. Qd2 Nc5 14. Rad1 Rad8 15.
Bxc6 bxc6 16. Nxc6 Qb7 17. Nxd8 Rxd8 18. Nb5 Nce4 19. Qa5 Rd7 20. f3 a6 21.
fxe4 axb5 22. Qxb5 Nxe4 23. Bxg7 Kxg7 24. Qxb7 Rxb7 25. Rd3 Kf6 26. Rc1 Ke5 27.
Rc2 Be6 28. a3 Nc5 29. Re3+ Kd4 30. Rcc3 g5 31. b4 f4 32. gxf4 gxf4 33. Rf3 Ne4
34. Rfd3+ Ke5 35. Rc1 Rc7 36. c5 dxc5 37. bxc5 Bd5 38. Kf1 Rc6 39. Rh3 h6 40.
Ke1 Rg6 41. Rh5+ Kd4 42. Rd1+ Kc3 43. Kf1 Bc6 44. Rh3+ Kc2 45. Rhd3 Bb5 46. Rd6
f3 47. Rc1+ Kxc1 48. Rxg6 Kd2 0-1

[Event "27. ekipno prvenstvo RH - I.B"]
[Site "Biograd, Hotel Adria"]
[Date "2018.09.15"]
[Round "1.53"]
[White "Saric, Ibro"]
[Black "Sinanovic, Muhamed"]
[Result "1-0"]
[WhiteElo "2546"]
[BlackElo "2339"]
[PlyCount "81"]
[EventDate "2018.09.15"]
[WhiteTeam "ŠK MORNAR Split"]
[BlackTeam "ŠK GORAN Bibinje"]

1. d4 Nf6 2. c4 e6 3. Nc3 Bb4 4. Nf3 c5 5. g3 Ne4 6. Qd3 cxd4 7. Nxd4 Bxc3+ 8.
bxc3 Nc5 9. Qe3 b6 10. Bg2 Bb7 11. O-O Bxg2 12. Kxg2 O-O 13. Qf3 Nba6 14. Rd1
Qc8 15. Ba3 Rb8 16. Nb5 Qb7 17. e4 f6 18. Rd4 Rfd8 19. Rad1 Nc7 20. Nd6 Qc6 21.
Qh5 Rf8 22. Kg1 g6 23. Qg4 e5 24. R4d2 N7e6 25. h4 a6 26. Bxc5 Nxc5 27. h5 g5
28. h6 Ne6 29. Nf5 Rf7 30. Ne3 Rbf8 31. Rd6 Qa4 32. R1d2 Nc5 33. Qf5 Kh8 34.
Rxb6 Ne6 35. Rdb2 Qa3 36. Nd5 Qc5 37. Rb8 Qxc4 38. Nxf6 Qc7 39. Rxf8+ Nxf8 40.
Qxg5 Ng6 41. Nd5 1-0

[Event "27. ekipno prvenstvo RH - I.B"]
[Site "Biograd, Hotel Adria"]
[Date "2018.09.15"]
[Round "1.54"]
[White "Biliskov, Vjekoslav"]
[Black "Plenca, Julijan"]
[Result "1-0"]
[WhiteElo "2292"]
[BlackElo "2417"]
[PlyCount "34"]
[EventDate "2018.09.15"]
[WhiteTeam "ŠK GORAN Bibinje"]
[BlackTeam "ŠK MORNAR Split"]

1. d4 Nf6 2. c4 g6 3. Nc3 d5 4. e3 Bg7 5. Qb3 dxc4 6. Bxc4 O-O 7. Nf3 Nc6 8.
Be2 a5 9. O-O Be6 10. Qxb7 Nb4 11. Qb5 Qd6 12. Qa4 Bf5 13. a3 Nc2 14. Ra2 c5
15. Bd1 cxd4 16. exd4 Rfc8 17. Bd2 Ng4 1-0

[Event "27. ekipno prvenstvo RH - I.B"]
[Site "Biograd, Hotel Adria"]
[Date "2018.09.16"]
[Round "2.11"]
[White "Sedlak, Nikola"]
[Black "Medvegy, Zoltan"]
[Result "1/2-1/2"]
[WhiteElo "2587"]
[BlackElo "2543"]
[PlyCount "71"]
[EventDate "2018.09.15"]
[WhiteTeam "ŠK STRIDON Štrigova"]
[BlackTeam "ŠK GORAN Bibinje"]

1. d4 Nf6 2. Nf3 e6 3. g3 b5 4. Bg2 Bb7 5. O-O Be7 6. c3 O-O 7. Bg5 c5 8. dxc5
Bxc5 9. Qd3 a6 10. Bxf6 Qxf6 11. Ng5 Qxg5 12. Bxb7 Ra7 13. Bg2 d5 14. Nd2 Nd7
15. Nf3 Qg6 16. Qd2 Nb6 17. Ne5 Qf5 18. Nd3 Nc4 19. Qd1 Bb6 20. a4 Ne5 21. Nf4
g5 22. Nd3 Nxd3 23. exd3 Rb8 24. axb5 axb5 25. Rxa7 Bxa7 26. d4 b4 27. Qa4 bxc3
28. bxc3 Bb6 29. Qc6 Ba5 30. Qc5 Bd8 31. Qd6 Rc8 32. c4 Bf6 33. cxd5 Rd8 34.
Qb6 exd5 35. Bh3 Qg6 36. Re1 1/2-1/2

[Event "27. ekipno prvenstvo RH - I.B"]
[Site "Biograd, Hotel Adria"]
[Date "2018.09.16"]
[Round "2.12"]
[White "Rezan, Sasa"]
[Black "Nemeth, Miklos"]
[Result "0-1"]
[WhiteElo "2436"]
[BlackElo "2477"]
[PlyCount "121"]
[EventDate "2018.09.15"]
[WhiteTeam "ŠK GORAN Bibinje"]
[BlackTeam "ŠK STRIDON Štrigova"]

1. Nf3 Nf6 2. d4 e6 3. c4 b6 4. a3 Bb7 5. Nc3 g6 6. Qd3 Bg7 7. e4 d6 8. Be2
Nbd7 9. Qc2 O-O 10. O-O h6 11. Re1 Qe7 12. Rb1 c6 13. b4 e5 14. d5 Rac8 15. Nd2
cxd5 16. cxd5 Ne8 17. Bb2 f5 18. f3 h5 19. Qa4 a6 20. Bxa6 Ra8 21. b5 Nc5 22.
Qc2 Bxa6 23. bxa6 Rxa6 24. Nc4 Bh6 25. Bc1 Bxc1 26. Rexc1 Qd8 27. Kh1 Kg7 28.
Rb4 fxe4 29. Nxe4 Nxe4 30. Qxe4 Qg5 31. Qe1 Rf4 32. Rbb1 Rd4 33. Qe3 Qxe3 34.
Nxe3 Nf6 35. Nc2 Rc4 36. Ne3 Rxc1+ 37. Rxc1 Rxa3 38. Nc4 Rd3 39. Nxd6 Rxd5 40.
Nc8 Rc5 41. Rxc5 bxc5 42. Nd6 Kf8 43. Nc4 e4 44. Ne5 exf3 45. gxf3 g5 46. Kg2
Ke7 47. Kf2 Ke6 48. Nc4 Kd5 49. Ne3+ Kd4 50. Ke2 c4 51. Nf5+ Ke5 52. Ne3 c3 53.
Kd3 h4 54. Kxc3 Kf4 55. Kd4 Kxf3 56. Nc4 g4 57. Ke5 g3 58. Nd2+ Kg2 59. hxg3 h3
60. Kxf6 h2 61. g4 0-1